000 01308cab a22002175a 4500
001 L154580
008 120103e2011 xxk 000 0 eng d
035 _a(Sirsi) u154580
041 0 _aeng
245 0 0 _aSmith and Another v Jafton Properties Ltd
_h[electronic resource]
260 _c2011
520 _a[2011] EWCA Civ 1251, 2 November 2011. Considers whether the assignment of part of a leased property results in physical severance of the property. Appellant S were each assigned part of a leasehold property of which respondent J was the freeholder. S sought to enfranchise but J objected that S did not qualify under the legislation, the Leasehold Reform, Housing and Urban Development Act 1993. "Held": Appeal upheld. S qualified as they were each the tenant of only two flats
590 _aKA
650 2 4 _aSMITH AND ANOTHER V JAFTON PROPERTIES LTD
650 2 4 _aLESTER V RIDD
650 2 4 _aLEASEHOLD REFORM, HOUSING AND URBAN DEVELOPMENT ACT 1993
651 4 _aEngland and Wales
_y1543-
690 _aPROPERTY-RESIDENTIAL PROPERTY-LEASEHOLD RESIDENTIAL PROPERTY-RESIDENTIAL LANDLORD AND TENANT-RESIDENTIAL LEASES-RESIDENTIAL LEASEHOLD ENFRANCHISEMENT
856 4 0 _uhttps://www.bailii.org/ew/cases/EWCA/Civ/2011/1251.html
_zView the law report free of charge at www.bailii.org
942 _n0
999 _c83674
_d83674